Miquel Barceló (Record no. 11281)
[ view plain ]
| 000 - LÍDER | |
|---|---|
| campo de control de longitud fija | 01285nam a2200229Ia 4500 |
| 008 - ELEMENTOS DE DATOS DE LONGITUD FIJA - INFORMACIÓN GENERAL | |
| campo de control de longitud fija | 0000002009 sp ad 0000000000mul00 |
| 090 ## - NÚMERO DE LLAMADA DE TIPO LC LOCALMENTE ASIGNADO (OCLC) | |
| Número de clasificación (OCLC) (R) | PSP00 B32vz 2009 |
| 245 10 - TÍTULO DECLARACIÓN | |
| Título | Miquel Barceló |
| Declaración de responsabilidad | / 53 Exposición Internacional de Arte Bienal de Venecia ; comisario Enrique Juncosa |
| 260 ## - PUBLICACIÓN, DISTRIBUCIÓN | |
| Lugar de publicación | Madrid : Ministerio de Asuntos Exteriores y de Cultura de España |
| Fecha de publicación | 2009 |
| 300 ## - DESCRIPCIÓN FÍSICA | |
| Alcance | 1 carpeta (2 cuadernillos + 2 folletos) |
| Dimensiones | / 31 cm. |
| 500 ## - NOTA GENERAL | |
| Nota general | Exposición realizada en el Pabellín de España en la 53a Bienal de Venecia, junio 7 noviembre 22, 2009 \ Texto bilingue: español inglés \ Incluye datos biográficos del artista \ Proyecto Ganador Programa Apoyos Concertados FGAA 2010 |
| 501 ## - Con nota | |
| Con nota | Pabellón de España en la 53a bienal de Venecia = The Spanish Pavilion at the 53a Venice Biennale Miquel Barceló : biografía = Miquel Barceló : biography Enrique Juncosa : biografía = Enrique Juncosa : biography |
| 600 00 - ENTRADA DE SUJETO AÑADIDO - NOMBRE PERSONAL | |
| Nombre de la persona | BARCELO, MIQUEL, 1957/ |
| Subdivisión general | TRABAJOS ARTISTICOS |
| 650 14 - ENTRADA DE SUJETO AÑADIDO - TÉRMINO TÓPICO | |
| Término tópico o elemento de entrada del nombre geográfico | ARTE CONTEMPORANEO ESPAÑOL |
| 650 14 - ENTRADA DE SUJETO AÑADIDO - TÉRMINO TÓPICO | |
| Término tópico o elemento de entrada del nombre geográfico | ARTISTAS PLASTICOS ESPAÑOLES EXPOSIONES |
| 650 14 - ENTRADA DE SUJETO AÑADIDO - TÉRMINO TÓPICO | |
| Subdivisión general | CATALOGOS |
| 650 14 - ENTRADA DE SUJETO AÑADIDO - TÉRMINO TÓPICO | |
| Subdivisión general | EXPOSICIONES |
| 650 14 - ENTRADA DE SUJETO AÑADIDO - TÉRMINO TÓPICO | |
| Término tópico o elemento de entrada del nombre geográfico | PINTORES ESPAÑOLES |
| 650 14 - ENTRADA DE SUJETO AÑADIDO - TÉRMINO TÓPICO | |
| Término tópico o elemento de entrada del nombre geográfico | PINTURA AL OLEO |
| 650 14 - ENTRADA DE SUJETO AÑADIDO - TÉRMINO TÓPICO | |
| Término tópico o elemento de entrada del nombre geográfico | PINTURA ESPAÑOLA |
| 700 1# - ENTRADA AGREGADA - NOMBRE PERSONAL | |
| Nombre de la persona | Juncosa, Enrique, 1961 |
| Estado de retirada | Pérdida de estatus | Estado dañado | No para préstamo | Código de recogida | Ubicación permanente | Ubicación actual | Ubicación de las estanterías | Fecha de adquisición | Número de llamada completo | Código de barras | Fecha de la última vez que se vio | Número de copia | Precio efectivo desde | Tipo de artículo Koha |
|---|---|---|---|---|---|---|---|---|---|---|---|---|---|---|
| General | ArtNexus | ArtNexus | General | 06/09/2022 | P-SP-00 B32VZ 2009 | 11395 | 06/09/2022 | Ej.1 | 06/09/2022 | Libro |